|
|
|
|
| LEADER |
02246nam a2200517 i 4500 |
| 001 |
EBC5847351 |
| 003 |
MiAaPQ |
| 005 |
20200520144314.0 |
| 006 |
m o d | |
| 007 |
cr cnu|||||||| |
| 008 |
190913s2019 ne ob 000 0 eng d |
| 020 |
|
|
|z 9789004402720
|
| 020 |
|
|
|a 9789004402737 (e-book)
|
| 035 |
|
|
|a (MiAaPQ)EBC5847351
|
| 035 |
|
|
|a (Au-PeEL)EBL5847351
|
| 035 |
|
|
|a (OCoLC)1110150398
|
| 040 |
|
|
|a MiAaPQ
|b eng
|e rda
|e pn
|c MiAaPQ
|d MiAaPQ
|
| 041 |
1 |
|
|a eng
|a chi
|
| 043 |
|
|
|a a-cc---
|
| 050 |
|
4 |
|a HD9576.C52
|b .H834 2019
|
| 082 |
0 |
|
|a 338.27280951
|2 23
|
| 100 |
1 |
|
|a Huahe, Mao,
|e author.
|
| 245 |
1 |
4 |
|a The ebb and flow of Chinese petroleum :
|b a story told by a witness /
|c by Mao Huahe ; translated by Mao Yiran and Thomas Seay.
|
| 264 |
|
1 |
|a Leiden, The Netherlands ;
|a Boston :
|b Brill,
|c [2019]
|
| 264 |
|
4 |
|c 2019
|
| 300 |
|
|
|a 1 online resource (383 pages).
|
| 336 |
|
|
|a text
|b txt
|2 rdacontent
|
| 337 |
|
|
|a computer
|b c
|2 rdamedia
|
| 338 |
|
|
|a online resource
|b cr
|2 rdacarrier
|
| 490 |
1 |
|
|a Ideas, history, and modern China ;
|v Volume 21
|
| 504 |
|
|
|a Includes bibliographical references.
|
| 546 |
|
|
|a In English and Chinese.
|
| 588 |
|
|
|a Description based on print version record.
|
| 590 |
|
|
|a Electronic reproduction. Ann Arbor, MI : ProQuest, 2018. Available via World Wide Web. Access may be limited to ProQuest affiliated libraries.
|
| 600 |
1 |
0 |
|a Huahe, Mao.
|
| 650 |
|
0 |
|a Petroleum industry and trade
|z China
|x History.
|
| 650 |
|
0 |
|a Petroleum industry and trade
|x Political aspects
|z China.
|
| 650 |
|
0 |
|a Petroleum industry and trade
|z China
|z Daqing (Heilongjiang Sheng)
|
| 650 |
|
0 |
|a Oil fields
|z China
|x History.
|
| 655 |
|
4 |
|a Electronic books.
|
| 700 |
1 |
|
|a Mao, Yiran,
|d 1960-
|e translator.
|
| 700 |
1 |
|
|a Seay, Thomas
|q (Thomas M.),
|e translator.
|
| 776 |
0 |
8 |
|i Print version:
|a Huahe, Mao.
|t Ebb and flow of Chinese petroleum : a story told by a witness.
|d Leiden, The Netherlands ; Boston : Brill, c2019
|h 383 pages
|k Ideas, history, and modern China ; Volume 21.
|z 9789004402720
|w (DLC) 2019980563
|
| 797 |
2 |
|
|a ProQuest (Firm)
|
| 830 |
|
0 |
|a Ideas, history, and modern China ;
|v Volume 21.
|
| 856 |
4 |
0 |
|u https://ebookcentral.proquest.com/lib/matrademy/detail.action?docID=5847351
|z Click to View
|